Atual judiciário : (Record no. 379)

MARC details
000 -LÍDER
Campo Fixo de Controle 00857nam a2200265 a 4500
001 - NÚMERO DE CONTROLE
Campo de Controle 379
003 - IDENTIFICAÇÃO DO NÚMERO DE CONTROLE
Campo de Controle BR-CuiBMT
005 - DATA E HORA DA ÚLTIMA ATUALIZAÇÃO
Campo de Controle 20231103002338.0
008 - DADOS FIXOS
Dados Fixos 231101s2022 mgba 000 0 por d
020 ## - INTERNATIONAL STANDARD BOOK NUMBER
Nº do ISBN 9786555182705
040 ## - AGÊNCIA CATALOGADORA
Código da Agência Catalogadora BR-CuiBMT
Agência que transcreveu o registro BR-CuiBMT
080 ## - Nº DA CLASSIFICAÇÃO DECIMAL UNIVERSAL
Nº Class. CDU 342.531.43
Nº edição CDU 2007
090 ## - NÚMERO DE CHAMADA
Nº classificação 342.531.43
Cutter A886
245 1# - TÍTULO PRINCIPAL
Título principal Atual judiciário :
Subtítulo ativismo ou atitude /
Indicação de responsabilidade Claudia Toledo coordenadora ; [autores Alejandro Nava Tovar ... et al.].
260 ## - PUBLICAÇÃO, DISTRIBUIÇÃO, ETC.
Local de publicação Belo Horizonte :
Editora Fórum,
Data 2002.
300 ## - DESCRIÇÃO FÍSICA
N. páginas ou volumes 510 p. :
Ilustrações il. ;
Dimensões 22 cm
504 ## - NOTA DE BIBLIOGRAFIA, ETC.
Nota de bibliografia Inclui bibliografia.
590 ## - NOTA LOCAL
Campo de ligação e número de sequência A biblioteca possui a 1. reimpr. 2022.
650 ## - ASSUNTO TÓPICO
Cabeçalho tópico ou nome geográfico Direito constitucional
650 ## - ASSUNTO TÓPICO
Cabeçalho tópico ou nome geográfico Direito público
Subdivisão geral Judiciário
650 ## - ASSUNTO TÓPICO
Cabeçalho tópico ou nome geográfico Teoria do direito
700 ## - ENTRADA SECUNDÁRIA -- NOME PESSOAL
Nome pessoal Toledo, Cláudia
Cód. do termo explicativo coord.
700 ## - ENTRADA SECUNDÁRIA -- NOME PESSOAL
Nome pessoal Tovar, Alejandro Nava
Cód. do termo explicativo et al.
-- autores
942 ## - ELEMENTOS DE ENTRADA ADICIONAIS (KOHA)
Fonte de classificação ou esquema de arquivamento Classificação Decimal Universal
Tipo de item do Koha Livros
Holdings
Estado: removido Estado: perdido Fonte de classificação ou esquema de arquivamento Estado: danificado Indisponível para empréstimo Localização permanente Localização atual Data de aquisição Total Checkouts Número de Chamada completo Código de barras Date last seen Número do exemplar Preço efetivo a partir de Tipo de item (Koha) Nota pública
    Classificação Decimal Universal     Biblioteca da Escola Superior de Contas do TCE/MT Biblioteca da Escola Superior de Contas do TCE/MT 02/11/2023   342.531.43 A886 BIBTCEMT23110077 03/11/2023 Ex. 1 03/11/2023 Livros 1. reimpr. 2022
    Classificação Decimal Universal     Biblioteca da Escola Superior de Contas do TCE/MT Biblioteca da Escola Superior de Contas do TCE/MT 02/11/2023   342.531.43 A886 BIBTCEMT23110078 03/11/2023 Ex. 2 03/11/2023 Livros 1. reimpr. 2022
    Classificação Decimal Universal     Biblioteca da Escola Superior de Contas do TCE/MT Biblioteca da Escola Superior de Contas do TCE/MT 02/11/2023   342.531.43 A886 BIBTCEMT23110079 03/11/2023 Ex. 3 03/11/2023 Livros 1. reimpr. 2022

Powered by Koha